Source code analysis (Record no. 2803)

MARC details
000 -LEADER
fixed length control field 00473nam a2200169Ia 4500
008 - FIXED-LENGTH DATA ELEMENTS--GENERAL INFORMATION
fixed length control field 130320s9999 xx 000 0 und d
100 ## - MAIN ENTRY--PERSONAL NAME
Personal name Ravipathy Koteswararao
245 ## - TITLE STATEMENT
Title Source code analysis
502 ## - DISSERTATION NOTE
Degree type MS IT
Name of granting institution 2006-2008
-- Sreevathsan K.R
-- Brajesh C (NeST)
Miscellaneous information NeST, Thiruvananthapuram
650 ## - SUBJECT ADDED ENTRY--TOPICAL TERM
Topical term or geographic name entry element .NET
650 ## - SUBJECT ADDED ENTRY--TOPICAL TERM
Topical term or geographic name entry element ASP
650 ## - SUBJECT ADDED ENTRY--TOPICAL TERM
Topical term or geographic name entry element VB
650 ## - SUBJECT ADDED ENTRY--TOPICAL TERM
Topical term or geographic name entry element SOURCE CODE ANALYSIS
700 ## - ADDED ENTRY--PERSONAL NAME
Personal name Sandeep Kumar
700 ## - ADDED ENTRY--PERSONAL NAME
Personal name Sowmya Prasanth
700 ## - ADDED ENTRY--PERSONAL NAME
Personal name Vincy Marin Mathew
Holdings
Withdrawn status Lost status Damaged status Not for loan Home library Current library Date acquired Total Checkouts Barcode Date last seen Price effective from Koha item type
        IIITM-K Kerala University of Digital Sciences, Innovation and Technology Knowledge Centre 20/03/2013   R-215 20/03/2013 20/03/2013 Project Reports